| 000 | 00523nam a22001697a 4500 | ||
|---|---|---|---|
| 005 | 20231108141213.0 | ||
| 008 | 231108b |||||||| |||| 00| 0 eng d | ||
| 041 | _aEnglish | ||
| 082 | _a346.2 WES | ||
| 100 |
_aWessels, JW _lEnglish |
||
| 245 |
_aThe Law of Contract in South Africa / _cJW Wessels |
||
| 250 | _aSecond Edition | ||
| 260 |
_aDurban : _bButterworth and Company Ltd, _c1951 |
||
| 300 |
_bxlix, 602 pages ; _c25,5 cm. |
||
| 650 |
_aLegal practice _bLaw |
||
| 942 |
_cBK _6ALISON_BN_VRIES |
||
| 999 |
_c440 _d440 |
||